| 000 | 00889nam a2200241 a 4500 | ||
|---|---|---|---|
| 001 | 38278 | ||
| 003 | BD-RjUL | ||
| 005 | 20220412141356.0 | ||
| 008 | 151028s2002 ii ||||| |||| 00| 0 ben d | ||
| 020 |
_a8186946810 _c: Tk. 80.00 |
||
| 035 | _a(BD-RjUL)38278 | ||
| 040 |
_aBD-RjUL _bben _cBD-RjUL |
||
| 041 | _aben | ||
| 082 |
_223 _a891.44303 _bSAH 2002 |
||
| 245 | 0 | 0 |
_aসাহিত্যকোষ : _bকথাসাহিত্য / _cঅলোক রায় সম্পাদিত |
| 250 | _a৩য় সং. | ||
| 260 |
_aকোলকাতা : _bসাহিত্যলোক, _c২০০২. |
||
| 300 |
_a২৬৬ পৃ. ; _c২২ সেমি. |
||
| 650 |
_aবাংলা উপন্যাস _9118331 _vঅভিধান |
||
| 650 |
_9118332 _aBengali novels _vDictionary |
||
| 700 |
_aরায়, অলোক, সম্পাদক _92410 |
||
| 942 |
_2ddc _cBK |
||
| 999 |
_c38278 _d38278 |
||